quizz des alcooliques - Statistiques

Statistiques générales
  • Ce quiz a été pris 7 fois
  • Le résultat moyen est 3 sur 13
Statistiques - réponses
Hint Réponse % Correct
3 Antoine
43%
12 Camille
43%
1 Jonathan
43%
2 Baptiste
29%
9 Jules
29%
6 Nikola
29%
8 Arthur
14%
11 Margot
14%
10 Mathis
14%
5 Ophélie
14%
4 Robin
14%
13 Roussel
14%
7 Tanguy
14%
Aucun quiz correspondant
Distribution des résultats
% des personnes avec chaque résultat
Percentile par nombre de réponses
Votre historique - résultats
Vous n’avez pas pris ce quiz